000
00295nam a2200121Ia 4500
008
220204s9999 xx 000 0 und d
082
_b
JAI
100
_a
JAIN, Madan Gopal
245
0
_a
Factory and labour laws
260
_a
Delhi
_b
Finance & Budget
_c
1958
650
_a
Labour laws
942
_c
BK
999
_c
19729
_d
19729